000 00377nam a2200145Ia 4500
008 240624s9999 xx 000 0 und d
041 _aeng
082 _a658.4012 GAM
100 _aGAMBLE JOHN E
245 _aESSENTIALS OF STRATEGIC MANAGEMENT THE Q
250 _a(4th ed.)
260 _c2013
_aNew York
_bTata McGraw- Hill
300 _axl, 440 p.; 25 cm.
365 _c
_b38
999 _c29042
_d29042